000 00681nam a2200229Ia 4500
005 20250508165149.0
008 008 250505s9999 xx 000 0 eng d
020 _a0-07-463039-3
037 _aTextual
040 _aFEDL
_beng
_cFEDL
041 _aeng
_2eng
084 _a581, PAN
_qFEDL
100 _aPandey S N and others
_9780044
245 0 _aTextbook of botany : Bryophyta, pteridophyta, gymnosperms and palaeobotany. Vol. 2
250 _a11th rev
260 _aNew Delhi, India
_bVikas Publishing House Private Limited
_c2001
300 _axi,644p.
365 _aINR
_b165
546 _aRSPEE
942 _cTEXL
_h581, PAN
999 _c1393525
_d1393525